[Event "Alushta"]
[Site "Alushta"]
[Date "1999.03.10"]
[Round "8"]
[White "Zubov, Alexander"]
[Black "Rogovski, Vladimir"]
[Result "0-1"]
[WhiteElo "2502"]
[BlackElo "2455"]
[Annotator "Ribli,Z"]
[PlyCount "208"]
[EventDate "1999.03.03"]
[EventType "tourn"]
[EventRounds "11"]
[EventCountry "UKR"]
[EventCategory "10"]
[SourceTitle "CBM 070"]
[Source "ChessBase"]
[SourceDate "1999.06.08"]
[SourceVersion "1"]
[SourceVersionDate "1999.06.08"]
[SourceQuality "1"]

{[%mdl 4128]} 1. Nf3 b6 {Eine seltene Fortsetzung. Ribli.} 2. c4 (2. e4 $5)
2... Bb7 3. Nc3 c5 4. d4 (4. g3 $2 Bxf3 $1 5. exf3 Nc6 6. Bg2 g6 7. O-O Bg7 8.
d3 Nh6 9. Bxh6 Bxh6 10. f4 e6 11. Rb1 O-O 12. a3 Bg7 13. Qd2 Rc8 14. b4 d6 $15
{0-1 Grabov,S-Ivanov,M/Aars 1995/CBM 50/[Ribli] (35)}) (4. e4 $5 {Dieser Zug,
der die Beweglichkeit des schwarzen Läufers einschränkt, kann empfohlen werden.
}) (4. e3 $5) 4... Bxf3 {Schwarz tauscht den Läufer und hat so die gesündere
Bauernstruktur, aber das weiße Läuferpaar wird stark.} (4... cxd4 5. Nxd4 (5.
Qxd4 Nc6 (5... Nf6 6. Bg5 Na6 7. e3 Nc5 8. Bxf6 gxf6 9. Be2 Rg8 10. O-O Rc8 11.
Nh4 f5 12. Bf3 e6 13. Bxb7 Nxb7 14. Nf3 Rg4 15. Qh8 Rg7 16. Ne2 Qf6 17. Ng3 d6
18. Kh1 Qh6 19. Nd4 Kd7 20. Rad1 Kc7 21. Rd2 a6 22. b4 Rxg3 23. fxg3 Bg7 $19 {
0-1 Padevsky,N-Buchenthal,D/NRW-I 1992/TD (49)}) 6. Qd2 e6 7. e4 d6 8. Be2 Nf6
9. O-O Be7 10. b3 O-O 11. Ba3 d5 12. Bxe7 Nxe7 13. exd5 exd5 14. cxd5 Nexd5 {
1/2-1/2 Asensio,T-Rull,O/Terrassa 1996/EXT 99 (14)}) 5... e6 6. e4 Bb4 7. f3
Ne7 8. Be2 O-O 9. O-O Bxc3 10. bxc3 d5 11. cxd5 exd5 12. e5 Qc7 13. Nb5 Qxe5
14. f4 Qf6 {1/2-1/2 Sekanina,J-Konecny,M/Olomouc 1995/EXT 98 (14)}) 5. gxf3 {
das ist auch gut spielbar, aber die Alternative ist natürlicher.} (5. exf3 $5
cxd4 6. Qxd4 Nc6 7. Qd2 g6 8. b3 $14 {Weiß hat die Doppelbauern in der f-Linie,
aber er besitzt das Läuferpaar und kontrolliert das Feld d5.}) 5... cxd4 6.
Qxd4 Nc6 7. Qd2 g6 {[%cal Gf8g7,Gg7a1]} 8. b3 {Weiß muß den schwarzfeldrigen
Läufer auch in die lange Diagonale stellen.} Bg7 9. Bb2 Nf6 10. Bg2 {[%csl Yd5]
Weiß hat beide Läufer in den langen Diagonalen und übt starke Druck auf das
Feld d5 aus.} O-O 11. O-O a6 12. Rfd1 $14 Qb8 {Schwarz bereitet den Durchbruch
...b6-b5 vor.} 13. f4 {[%cal Gg2a8]} Ra7 (13... b5 14. Nd5 $14) 14. e3 b5 15.
cxb5 $6 {Dieser Zug gefällt mir nicht. Schwarz kommt jetzt zu Gegenchancen.} (
15. Nd5 $5 bxc4 (15... Nxd5 16. Bxg7 Kxg7 17. cxd5 $14) 16. Nxf6+ exf6 17. bxc4
$14) 15... axb5 16. Qe2 b4 $13 17. Na4 {[%csl Ga4]} (17. Nb5 Ra5 18. Nd4 Nxd4
19. Bxd4 Rc8 $13) 17... Rd8 $6 (17... Rc8 $5) 18. Rac1 $14 (18. a3 bxa3 19.
Rxa3 Rc8 $15 {Weiß hat Probleme mit seiner Bauernstruktur. Der b-Bauer ist
eine potentielle Schwäche.}) 18... Rc7 19. Rc5 $6 (19. Nc5 $1 {[%csl Gc5][%cal
Rc5a6,Ra6b8,Ra6c7] Nach diesem Zug ist Schwarz in großer Not. Die weißen
Figuren sind sehr aktiv.} Qa7 20. Na6 Rcc8 21. Bxc6 dxc6 22. Rxd8+ Rxd8 23.
Nxb4 $16 {[%csl Rc6]}) 19... Na7 (19... Rdc8 20. Rb5 $14) 20. Rxc7 Qxc7 21. Rc1
Qb8 22. Qa6 (22. Nc5 Rc8 $11) 22... Ne8 {[%csl Yc3][%cal Ge8c7,Ge8d6] Schwarz
tauscht die Läufer, was in einigen Varianten zur Schwäche des Feldes c3 führt.}
(22... Rc8 23. Rxc8+ Nxc8 24. Qa5 $14 {[%csl Rb4]}) 23. Bxg7 Kxg7 24. Qb6 (24.
Nc5 Rc8 $132) 24... Nd6 25. Kf1 (25. Qxb8 Rxb8 26. Rc7 {[%cal Rc7a7,Rc7d7]}
Nab5 27. Rxd7 Rc8 28. Rxe7 Rc2 $44 {[%csl Gc2]}) 25... Nab5 {[%csl Yc3]} 26.
Qxb8 Rxb8 27. Ke2 f5 $1 $11 {Schwarz verhindert die Möglichkeit e3-e4.} 28. Kd3
Kf7 29. Rc2 Ke8 {Der schwarze Plan ist ...Kd8 und ...Rc8.} (29... Rc8 $2 30.
Rxc8 Nxc8 31. Kc4 $16 {[%cal Rc4b4,Rc4b5]}) 30. Nc5 {[%cal Gc5a6,Ga6b8,Ga6b4]}
Rb6 (30... Kd8 31. Na6 Rb6 32. Nxb4 $2 Na3 {[%cal Rb6b4,Ra3c2]} 33. Nd5 Nxc2
34. Nxb6 Ne1+ {[%csl Rd3,Rg2][%cal Re1d3,Re1g2]}) 31. Bf3 Na3 32. Rc1 Ndb5 {
[%csl Ga3,Gb5,Yc3] Die schawarzen Springer üben starke Kontrolle über die
schwarzen Felder am Damenflügel aus.} 33. Na4 Rd6+ 34. Ke2 Kd8 35. Rc5 {
[%csl Gc5]} Ke8 (35... Re6 {[%cal Rb5d4,Rd4e2,Rd4f3,Ge6e2]} 36. Bd5 Rf6 $11)
36. Bd5 {[%cal Rc5c8,Rc8e8]} Kd8 (36... e6 $5 $11) 37. Bg8 {[%cal Rg8h7]} h6
38. h4 {[%cal Gh4h5] Weiß hat etwas Aktivität am Königsflügel und plant h4-h5.}
h5 (38... e6 39. Bf7 {[%csl Rg6]}) 39. Bf7 Nc7 40. Nb2 {[%cal Rb2d3,Rd3b4,
Gd3e5]} Nb1 $13 {[%csl Ra2][%cal Rd6d2,Rd2e2,Rb1c3,Rc3a2,Rc3e2]} 41. Na4 Rd2+ {
[%cal Rd2e2,Rd2a2]} 42. Ke1 Rxa2 43. Bxg6 $14 {[%csl Rf5,Rh5]} e6 44. Bxh5 {
Weiß besitzt einen Mehrbauern, aber Schwarz hat aktive Gegenchancen.} Nd2 {
[%cal Rd2b3]} 45. Bd1 Nd5 {[%csl Gc5,Gd2]} 46. Rc2 $2 {Warum gibt Weiß den
Bauern zurück?} (46. h5 $5 {[%csl Gh5]}) 46... Nf3+ {[%csl Rh4][%cal Rf3e1,
Rf3h4]} (46... Rxc2 47. Bxc2 Nf3+ 48. Ke2 Nxh4) 47. Ke2 Rxc2+ 48. Bxc2 Nxh4 $11
{Schwarz hat das materielle Gleichgewicht wiederhergestellt. Die Stellung ist
ausgeglichen.} 49. Bd3 Kc7 50. Bb5 (50. Bc4 Kd6 51. Bxd5 Kxd5 52. Nb6+ Kc6 53.
Nc4 $11) 50... Kd6 51. Kd3 $6 (51. Bc4 $11) 51... Nf3 {[%csl Gf3]} 52. Ke2 Ng1+
53. Kd1 (53. Kd3 Nh3 54. Ke2 Nf6 55. f3 (55. Bc4 Ne4 $17)) (53. Kf1 Nf3 54. Ke2
Nh2 (54... Ng1+ $11)) 53... Nf6 $15 {[%cal Gf6e4,Ge4f2]} 54. Bd3 Kc6 (54... Ng4
$5 55. Ke1 Nh3 $17) 55. Bf1 Ng4 (55... Ne4) 56. Bg2+ Kb5 (56... d5) 57. Ke1 {
[%cal Re1f1,Rf1g1]} Nh2 $8 58. Nb2 Ngf3+ 59. Ke2 (59. Bxf3 Nxf3+ 60. Ke2 $11)
59... Ng1+ 60. Kd1 Ngf3 61. Nc4 (61. Ke2 $11) 61... Kc5 62. Nb2 Nh4 63. Bb7 {
[%cal Gb7c8,Gc8f5]} Ng4 (63... Kb6 $11) 64. Ke2 Ng6 (64... Kb6 $11) 65. Nd3+
Kb5 66. Bc8 Nf8 (66... Nf6 67. Ne5 Nf8 $11 {Zugumstellung zur Partiefortsetzung
}) 67. Ne5 Nf6 68. Kd3 d6 69. Nf7 $2 {[%cal Rf7d6]} (69. Nf3 $1 {[%csl Re6]
[%cal Rf3d4,Rd4b5,Rd4e6]} Ne4 70. Nd4+ Kb6 71. Kc4 {[%csl Rb4]} (71. Nxe6 Nxe6
72. Bxe6 Nc5+ $19 {[%cal Rc5d3,Rc5e6]}) 71... Nc5 72. Nb5 (72. Kxb4 Kc7 73.
Bxe6 Nfxe6 74. Nxf5 $11) 72... d5+ 73. Kxb4 Nd3+ 74. Kc3 Nxf2 $11) 69... Ne4
$15 {[%csl Rc8][%cal Re4f2,Ge4d6,Ge4c5,Gc5d3,Gc5b3] Der weiße Läufer steht auf
c8 unglücklich. Schwarz möchte dies mit ...Kb6-c7 nachweisen und hat jetzt die
Möglichkeit Ba6 wegen ...Nc5+ verhindert.} 70. Kc2 Kb6 {[%csl Rc8]} 71. f3 Nc5
72. Nxd6 Kc7 $17 {[%cal Rc7c8,Rc7d6] Weiß muß die Figur geben und dem
Nachziehenden bieten sich gute Gewinnchancen.} 73. Bxe6 Kxd6 (73... Nfxe6 74.
Nxf5 $11 {Und Weiß gibt seinen Springer für den b-Bauern, um ein theoretisches
Remis zu erreichen.}) 74. Bxf5 {[%csl Gb4] Weiß hat drei Bauern für die Figur,
aber seine Doppelbauern sind nicht so gefährlich. Wichtig ist, daß Schwarz
ohne seinen b-Bauern nur spezielle Stellungen gewinnen kann.} Nfd7 75. e4 (75.
Bxd7 Kxd7 76. e4 Ke6 77. f5+ Ke5 78. Kb2 Kf4 79. f6 Kxf3 80. f7 Ne6 81. e5 Ke4
82. Kc2 Kxe5 83. Kd3 Kd5 $19) 75... Nb8 76. e5+ Kd5 77. Bg6 {[%cal Gg6f7,Gf7b3]
} Nc6 {[%cal Gc6d4]} 78. Bf7+ $8 Kd4 {Der schwarze König nimmt seinem Springer
das Feld d4.} 79. Kd2 Ne7 {[%cal Ge7f5]} (79... Na5 {[%csl Rb3]} 80. Kc2 Ke3 {
[%cal Re3f4,Re3f3]} 81. Bd5 $3 {[%csl Gd5,Ge5]} (81. f5 Nc6 $17) 81... Kxf4 (
81... Nab7 82. f5 Kd4 83. Bxb7 Nxb7 84. e6 Ke5 85. Kd3 Nd6 86. e7 Kxf5 87. Kd4
$11) 82. e6 {[%csl Ge6]} Na6 83. e7 Nc7 84. Bf7 $11) 80. Bc4 Nb7 {[%cal Gb7a5,
Ga5b3]} 81. Bd3 Na5 (81... Nc5 $5) 82. Bc2 Nac6 83. Bd3 (83. Be4 Nd5 84. e6
Nce7 $17) 83... Nd8 84. Bc4 Nb7 {Wir haben dieselbe Stellung wie nach dem 80.
schwarzen Zug.} 85. Ke2 (85. Bd3 Nc5 86. Bc4 Nd5) 85... Nc5 86. Kf2 Nf5 {
[%csl Gf5]} 87. Bf7 (87. e6 Nd3+ 88. Bxd3 Kxd3 $19) 87... Nd3+ {[%cal Rd3f2,
Rd3f4]} 88. Kg1 Nxf4 {[%csl Gf4,Gf5] Die schwarzen Springer sind ausgezeichnet
plaziert. Alle weißen Bauern sind jetzt schwach.} 89. e6 Ke3 {[%csl Rf3]} 90.
Kf1 Kxf3 91. Ke1 Ke3 92. Kd1 Kd3 93. Kc1 Kc3 {[%csl Rb3]} 94. e7 {Weiß muß den
e-Bauern geben.} (94. Kd1 Ne7 $19 {[%csl Rb3]} (94... Kxb3 $4 95. e7+ $18 {
[%cal Rf7b3,Re7e8]})) 94... Nxe7 95. Kb1 Nc6 96. Ka2 Nd4 {Schwarz kann den
Bauern dreimal angreifen, während ihn Weiß nur zweimal verteidigen kann.
Schwarz gewinnt daher den Bauern und damit die Partie.} 97. Bg8 Nd3 98. Bf7 Nc5
{[%csl Rb3][%cal Rd4b3,Rc5b3]} 99. Bg8 Ncxb3 $19 100. Bf7 Nd2 101. Bg8 Nc4 {
Das ist ein typisches Motiv. Der Läufer wird ausgesperrt.} (101... b3+ $4 102.
Bxb3 $11) 102. Bh7 b3+ 103. Kb1 Na3+ 104. Ka1 (104. Kc1 b2+ 105. Kd1 Nac2 $19)
104... Ndc2+ {Und Weiß mußte aufgeben.} 0-1

[Event "Bern zt"]
[Site "Bern"]
[Date "1990.??.??"]
[Round "9"]
[White "Bruk, Ofer"]
[Black "Fauland, Alexander"]
[Result "0-1"]
[WhiteElo "2435"]
[BlackElo "2480"]
[Annotator "Ribli,Z"]
[PlyCount "94"]
[EventDate "1990.01.??"]
[EventType "tourn"]
[EventRounds "15"]
[EventCountry "SUI"]
[EventCategory "9"]
[SourceTitle "CBM 017"]
[Source "ChessBase"]
[SourceDate "1990.08.01"]
[SourceVersion "1"]
[SourceVersionDate "1990.08.01"]
[SourceQuality "1"]

1. Nf3 Nf6 2. c4 c5 3. g3 Nc6 4. Bg2 d5 5. cxd5 Nxd5 6. O-O Nc7 7. Nc3 e5 8. d3
Be7 9. Nd2 Bd7 10. Nc4 f6 11. f4 b5 12. Ne3 exf4 $5 {12...Rc8!? Hjartarson,
J-Sokolov,A Rotterdam WCup 1989  CBM/13} 13. Rxf4 {13.gxf4, (Nf5!?) 13...Rb8
14.Bd2, 0-0 15.f5 +/= Vilela-Lukacs Albena 1985 i 40/(63)} O-O 14. Ned5 Bd6 15.
Rf1 Rb8 16. Bf4 {16.Ne4, Nxd5 17.Nxd6, Be6 18.Ne4, Qb6} Ne5 17. Nxc7 {17.a4!?}
Bxc7 18. Rc1 Be6 19. Kh1 Ng4 20. Qd2 f5 21. h3 Nf6 22. Qe3 Re8 23. Qxc5 Bxf4
24. gxf4 b4 25. Nd1 $2 {>= 25.Nb5} Rc8 $1 26. Qe3 Rxc1 27. Qxc1 Bxa2 {=/+} 28.
Rf2 Bb3 29. Bf3 Qd4 30. Rf1 Bd5 31. Qd2 Ne4 $1 32. Qe1 Nc5 33. Bxd5+ Qxd5+ 34.
Kh2 a5 $1 {-/+} 35. Qf2 a4 36. Rg1 g6 37. Rg3 Re6 38. Rg2 Nb3 39. Qa7 Qd6 40.
Qa8+ Kg7 41. Rf2 Nc1 42. Qf3 a3 43. bxa3 bxa3 44. Nc3 Qc5 45. d4 Qxd4 46. Rf1
Re3 47. Qb7+ Kh6 0-1

[Event "NED-ch51"]
[Site "Amsterdam"]
[Date "1996.06.11"]
[Round "5"]
[White "Van der Sterren, Paul"]
[Black "Timman, Jan H"]
[Result "0-1"]
[WhiteElo "2535"]
[BlackElo "2620"]
[Annotator "Ribli,Z"]
[PlyCount "58"]
[EventDate "1996.06.07"]
[EventType "tourn"]
[EventRounds "11"]
[EventCountry "NED"]
[EventCategory "11"]
[SourceTitle "CBM 054"]
[Source "ChessBase"]
[SourceDate "1996.10.01"]
[SourceVersion "1"]
[SourceVersionDate "1996.10.01"]
[SourceQuality "1"]

1. Nf3 {Bykhovsky,Av King} Nf6 2. c4 c5 3. Nc3 Nc6 4. g3 d5 5. cxd5 Nxd5 6. Bg2
Nc7 7. O-O e5 8. d3 Be7 9. Nd2 Bd7 10. Nc4 f6 11. a4 O-O 12. a5 {Dieser
Vorstoß scheint gefährlicher als er in der Tat ist.} (12. f4 $5 exf4 13. Bxf4
Be6 14. Ne3 Rc8 15. Kh1 Qd7 16. g4 $1 Rfd8 17. Qe1 b6 18. Qg3 Ne8 19. Nf5 $16 {
Krasenkov,M-Tukmakov,V/Ostende/1990/1:0/26/}) 12... Kh8 13. Be3 Ne6 {Dieser
Springer strebt nach d4. N/} (13... Rb8 $5) (13... Be8 14. f4 exf4 15. gxf4 Rb8
16. Bf2 b5 17. axb6 axb6 18. Rc1 b5 $10 {Dragomarezkij,E-Lazarev,V/Alushta3/
1993/CBM38/} (18... b5 {Bykhovsky,Av} 19. Nd2 f5 20. Nf3 Ne6 $10 {
Dragomarezkij,E-Lazarev,V/Alushta/1993/0,5/66/})) 14. a6 (14. f4 $5 $13 {
Bykhovsky,Av}) 14... b6 15. Nb5 {King: At first glance White's position looks
tremendous, considering that there is a pawn already on a6, the a7 pawn is
pressured by the knight on b5, and the rook on a8 is in the line of the bishop
on g2. However, Black's central control is so good that he is able to beat
back White's pieces, and the pawn on a6 actually plays little part in the game.
} Rb8 $5 $13 {Riskant, aber Schwarz sollte etwas gegen die Fesselung
unternehmen.} 16. Bd2 (16. Bxc6 $5 Bxc6 17. Nxa7 Be8 (17... Bd7 $19) 18. Na3 $5
b5 19. N7xb5 Rxb5 $8 20. Nxb5 Bxb5 21. a7 $13) 16... Be8 17. f4 $6 (17. Bxc6 $5
) 17... exf4 18. gxf4 Ned4 $1 $15 {Mit diesem Zug übernimmt Schwarz die
Initiative.} 19. Nxd4 Nxd4 20. e3 Nf5 {Eine typische Stellung in dieser
Variante: Weiss hat Probleme mit seinen Zentralbauern auf e3 und d3.} 21. Be4
Nd6 22. Nxd6 (22. Bd5 $5) 22... Qxd6 {Schwarz droht mit f5 und Bf6, dann Bc6,
Rd8,Re8.} 23. f5 Rd8 24. Rf4 $2 (24. Bc3 {/\ d4.}) 24... g5 $1 25. fxg6 Bxg6
26. Bc3 b5 27. b4 $2 (27. b3 Rg8 $1) (27. b3 {King}) (27. Bxg6 Rg8 $17) 27...
Rg8 28. Kh1 cxb4 29. Bxb4 {[#]} Qxf4 $1 (29... Qxf4 30. exf4 Bxe4+ 31. dxe4
Rxd1+ 32. Rxd1 Bxb4 $19 {Ribli}) 0-1

[Event "Politiken Cup 18th"]
[Site "Copenhagen"]
[Date "1996.??.??"]
[Round "3"]
[White "Petursson, Margeir"]
[Black "Liss, Eran"]
[Result "1/2-1/2"]
[WhiteElo "2585"]
[BlackElo "2480"]
[Annotator "Ribli,Z"]
[PlyCount "81"]
[EventDate "1996.06.??"]
[EventType "swiss"]
[EventRounds "11"]
[EventCountry "DEN"]
[SourceTitle "CBM 054"]
[Source "ChessBase"]
[SourceDate "1996.10.01"]
[SourceVersion "1"]
[SourceVersionDate "1996.10.01"]
[SourceQuality "1"]

1. c4 c5 2. Nf3 Nf6 3. Nc3 Nc6 4. g3 d5 5. cxd5 Nxd5 6. Bg2 Nc7 7. d3 e5 8. Nd2
Bd7 9. O-O Be7 10. Nc4 f6 11. a4 {11.f4 ist die Hauptvariante.} O-O 12. Bd2 (
12. f4 exf4 13. gxf4 f5 $5 $10 {David,P-Sax,G/Lazne Bohdanec/1995/CBM45/}) (12.
b3 Rc8 13. Bb2 b6 14. Nb5 Rb8 15. f4 exf4 16. gxf4 a6 17. Nxc7 Qxc7 18. Ne3 Be6
19. Nd5 Qd7 $13 {Peker,O-Liss,E/ISR-chT/1996/EXP52/}) 12... Kh8 {Ein
nützlicher profilaktischer Zug.} 13. Nb5 {Im allgemeinen ist es nicht logisch,
die schlechteste Figur des Gegners abzutauschen, aber hier gibt es einen
speziellen Umstand: Weiss provoziert so Schwächungen am Damenflügel.} Ne6 $10 {
Von hier kontrolliert Schwarz das wichtige d4-Feld.} (13... a6 $2 14. Nxc7 Qxc7
15. a5 $16) 14. e3 Be8 15. Bc3 Rb8 {Jetzt droht Schwarz a6 und b5.} 16. Nba3
Nb4 {Der andere Vorteil des Zuges 14...Rb8. Schwarz befreit seinen Springer.} (
16... a6 $2 17. a5 $16) 17. Qg4 Bd7 18. Qd1 Bc6 $5 19. Bxc6 Nxc6 20. Nc2 Qd7 {
Es ist klar, daß Schwarz eine angenehme Stellung hat: Er hat Raumvorteil und
der d3-Bauer ist ein bißchen schwach.} 21. Qe2 b6 {In der Zukunft droht a6
nebst b5.} 22. b3 a6 23. e4 $5 {Weiß gibt das d4-Feld auf, dafür bekommt er
jedoch die Kontrolle über d5.} Ncd4 24. Nxd4 cxd4 25. Bd2 Nc5 26. Rab1 b5 (
26... Rfc8 $5) 27. axb5 axb5 28. Na5 Rbc8 (28... Rfc8) 29. Rfc1 Na6 30. Qe1 Nc5
31. Qe2 Na6 32. Qe1 {Weiss waere mit der Punktteilung zufrieden.} Qg4 33. b4
Nb8 {Wegen seines Raumvorteils steht Schwarz etwas besser.} 34. Kg2 Qe6 35. Qd1
g6 36. Rxc8 Rxc8 37. Rc1 Kg7 38. Rxc8 Qxc8 39. Qb3 Qd7 40. Qc2 Na6 41. Qc6 $10
{41...Qxc6 42.Nxc6 Kf7 43.f4 Bd6 oder Ke6 führt zur gleichen Stellung. Ribli}
1/2-1/2

[Event "FRA-ch"]
[Site "Chartres"]
[Date "2005.08.24"]
[Round "9"]
[White "Lautier, Joel"]
[Black "Vachier Lagrave, Maxime"]
[Result "1/2-1/2"]
[WhiteElo "2672"]
[BlackElo "2527"]
[Annotator "Ribli,Z"]
[PlyCount "54"]
[EventDate "2005.08.15"]
[EventType "tourn"]
[EventRounds "11"]
[EventCountry "FRA"]
[EventCategory "13"]
[SourceTitle "CBM 109"]
[Source "ChessBase"]
[SourceDate "2005.11.14"]
[SourceVersion "1"]
[SourceVersionDate "2005.11.14"]
[SourceQuality "1"]

1. Nf3 Nf6 2. c4 c5 3. Nc3 Nc6 4. g3 d5 5. d4 {Dieser Zug ist heutzutage sehr
populär - in der symmetrischen Variante hat Weiß eigentlich ein Plustempo mit
g3. Diese Fortsetzung wurde von M. Tal in die Turnierpraxis eingeführt (Tal,M
- Timman,J Hilversum, 5.Wettkampfpartie 1988).} cxd4 {Dieser Zug wird weniger
gespielt, die Hauptvariante 5...e6 führt gewöhnlich zu Vereinfachungen.} (5...
e6 6. cxd5 Nxd5 7. Bg2 {D 41}) 6. Nxd4 dxc4 7. Nxc6 Qxd1+ 8. Nxd1 bxc6 9. Bg2
Nd5 10. Ne3 e6 (10... Ba6 11. Nxd5 cxd5 12. Bxd5 Rc8 13. Bd2 $14) 11. Nxc4 Ba6
12. Na5 {Das war Kramnik's Zug gegen Timman in 1999. Die Alternative 12.b3
führt zu scheinbar besserer Stellung für Weiß, aber mit genauem Spiel kann
Schwarz ausgleichen.} (12. b3) 12... Bb4+ (12... Bc5 $6 13. Bd2 O-O 14. Rc1 {
[%cal Rc1c6]} Bd4 15. b4 $14 Bb5 $5 16. Nxc6 Bb2 17. Rc5 (17. Rc2 $5) 17...
Bxc6 18. Rxc6 Rac8 19. Rxc8 {1-0 Kramnik,V-Timman,J/Wijk aan Zee 1999/(52)}) (
12... Rc8 13. Bd2 Be7 14. Rc1 c5 15. b3 (15. a3 O-O 16. e4 Nb6 17. e5 Nd5 18.
Bf1 Bxf1 19. Rxf1 f6 20. exf6 gxf6 21. Ke2 {1-0 Maki Uuro,M-Solomon,K/Calvia
olm 2004/(50)}) 15... O-O 16. O-O Rfd8 17. Bf3 Bf6 18. Rfd1 h6 19. Kf1 Rc7 20.
Ke1 {1-0 Ilczuk,J-Terada,S/ICCF Email 2003/ICCF Telechess CBM 102 (42)}) 13.
Bd2 Bxd2+ (13... Bxa5 14. Bxa5 Rb8 15. b3 $14 {1/2-1/2 Sander,I-Lacoste,A/IECG
2002/Telechess CBM 105 (23)}) 14. Kxd2 O-O-O {[%cal Gd8d2] Das ist die beste
Gegenchance für Schwarz; es droht Nf4+ mit Figurengewinn.} (14... Rd8 15. Nxc6
Rd6 16. Bxd5 Rxd5+ 17. Ke3 {1-0 Grebionkin,V-Zakharov,A/Nizhnij Novgorod 1999/
EXT 2001 (23)}) (14... Rb8 15. Rab1 (15. b3 Kd7 16. Rac1 $14) 15... Kd7 16.
Rhc1 Rb6 17. Nb3 Kc7 18. Nc5 Rd8 19. Ke1 {1-0 Schebler,G-Knoppert,E/Belgium
2003/(65)}) 15. Rhc1 $146 {[%csl Rc6][%mdl 4] Weiß verfügt über eine gesunde
Bauernstruktur, während der Pc6 eine ewige Schwächung in der schwarze Stellung
ist. Andererseits stehen die schwarze Figuren sehr aktiv und im weiteren
Spielverlauf bekommt er ausreichende Gegenchancen.} (15. Nxc6 Nf4+ 16. Nxd8
Rxd8+ 17. Kc2 Nxg2 18. Rhg1 Bb7 19. Rad1 h5 20. Rxd8+ Kxd8 21. Kd2 h4 22. h3
hxg3 23. fxg3 f5 24. e3 e5 25. Ke2 f4 {1/2-1/2 Diaz Nunez,A-Perez Fungueiro,M/
Vila de Marin 2005/(41)}) 15... Nf4+ 16. Ke1 (16. Ke3 Nxg2+ 17. Kf3 Rd6 18.
Kxg2 Bxe2 19. Rxc6+ $11 (19. Nxc6 $11)) 16... Nxg2+ 17. Kf1 Rd6 18. Nxc6 (18.
Kxg2) 18... Kb7 19. Na5+ Kb8 20. Rd1 (20. Kxg2 Bxe2 $11) 20... Rxd1+ 21. Rxd1
Rc8 22. b4 (22. Rd2 Ne1 23. Kxe1 Rc1+ 24. Rd1 Rc2 25. Rd2 $11) (22. Kxg2 Bxe2
$11) 22... Bb5 23. Rd2 (23. Kxg2 Bxe2 24. Rd7 Rc7 25. Rd8+ Rc8 26. Nc6+ Kc7 27.
Rxc8+ Kxc8 $11 28. Nxa7+ $4 Kb7 $19) 23... Ne1 $1 {[%mdl 64] Dieser Zug führt
forciert zum Remis.} 24. Kxe1 Rc1+ 25. Rd1 Rc2 26. Rd2 Rc1+ 27. Rd1 Rc2 1/2-1/2

[Event "Buenos Aires Najdorf"]
[Site "Buenos Aires"]
[Date "1995.??.??"]
[Round "11"]
[White "Szmetan, Jorge"]
[Black "Ricardi, Pablo"]
[Result "1-0"]
[WhiteElo "2430"]
[BlackElo "2545"]
[Annotator "Ribli,Z"]
[PlyCount "105"]
[EventDate "1995.07.??"]
[EventType "tourn"]
[EventRounds "11"]
[EventCountry "ARG"]
[EventCategory "11"]
[SourceTitle "CBM 049"]
[Source "ChessBase"]
[SourceDate "1995.12.01"]
[SourceVersion "1"]
[SourceVersionDate "1995.12.01"]
[SourceQuality "1"]

1. Nf3 c5 2. c4 Nf6 3. g3 Nc6 4. Bg2 d5 5. cxd5 Nxd5 6. Nc3 Nc7 7. d3 e5 8. Nd2
Qd7 $6 {Ich finde diesen Zug nicht besonders gut.} (8... Bd7 $5 9. O-O Be7 10.
Nc4 f6 11. f4 b5 12. Ne3 exf4 13. gxf4 Rb8 14. Ncd5 O-O $13 {Muco,F-Kindermann,
S/Bern op/1995/EXP46/}) 9. O-O Be7 10. Qa4 (10. Nc4 $5 {Sieht noch staerker
aus.} f6 11. Qa4 Nd8 12. Qxd7+ Bxd7 13. f4 $14 {Timman,J-Hort,V/Montreal/1979/
INF27,92/}) 10... O-O 11. Bxc6 bxc6 (11... Qxc6 12. Qxc6 bxc6 13. Nc4 $16 {
Vorher oder spaeter bekommt der Nachziehende grosse Schwieirigkeiten seine
"schoene" c-Bauern zu verteidigen und ohne Dame hat er keine Gegenchancen.})
12. Nc4 {Schwarz befindet sich in grosser Not. Wie kann er den Bauernverlust
verhin- dern?} Qe6 {Der Partiezug ermoeglicht eine kleine Kombination.} (12...
f6 13. Na5 $16 {Weiss gewinnt einen Bauern.}) 13. Nxe5 $1 {[#]} Bf6 (13... Qxe5
14. Bf4 Qh5 15. Bxc7 Bh3 16. Rfe1 $16) 14. f4 Nb5 (14... Bxe5 15. fxe5 Qxe5 16.
Bf4 Qe7 17. Qxc6 $18) 15. Qe4 (15. Nxc6 $4 Nxc3 16. bxc3 Bd7 $19) (15. Nxb5 $2
cxb5 16. Qxb5 Bxe5 17. fxe5 Qxe5 $44) 15... Nd4 (15... Nd6 16. Qxc6 Bb7 17. Qd7
Bxe5 18. Qxe6 Bd4+ 19. Qe3 Rae8 20. Qf2 $18) 16. Bd2 Rb8 17. b3 Re8 (17... Rb4
18. Nc4 $18) 18. Rac1 Qh3 19. e3 Bf5 20. Qg2 Bxe5 $5 {Mit diesem Kombination
hat der Nachziehende einige Rettungchancen.} 21. fxe5 Qxg2+ 22. Kxg2 Bxd3 23.
exd4 cxd4 24. Na4 (24. Rf3 dxc3 25. Rxd3 cxd2 26. Rxd2 Rxe5 27. Rxc6 $10) 24...
Bxf1+ 25. Kxf1 Rxe5 26. Rxc6 (26. Bf4 Rf5 $13) 26... Rbe8 (26... Rd8 $5 {
Droht /\ Rf5,Re5 und wieder Rf5.}) 27. Rd6 Re2 28. Rxd4 Rxh2 29. Nc3 $1 {
Das ist ein sehr starker Zug, weil Schwarz jetzt mehrere Zuege braucht der h2
Turm wieder ins Spiel zu bringen.} h6 (29... h5 $4 30. Kg1 Rh3 31. Kg2 $18) 30.
Kg1 Rh5 31. b4 Rc8 32. a4 Re5 33. b5 Rec5 34. Rd7 R8c7 (34... Rxc3 35. Bxc3
Rxc3 36. Rxa7 $18) 35. Rxc7 Rxc7 36. Kf2 f5 37. Ke2 Kf7 38. Nd5 Rd7 39. Nb4 $1
Ke6 40. Nc6 g5 41. Be3 f4 42. gxf4 g4 $5 (42... gxf4 43. Bxf4 h5 44. Bb8 h4 45.
Bxa7 h3 46. Bb8 $18) 43. Bxa7 Kd5 44. Bg1 Rf7 45. Be3 h5 46. Ne5 Rg7 47. a5 h4
48. a6 $1 {Die einfachste Weg.} h3 49. b6 h2 50. a7 Rg8 51. b7 h1=Q 52. b8=Q
Qg2+ 53. Kd3 {Ribli} (53. Kd3 Qf1+ (53... Qe4+ 54. Kd2 $18) 54. Kd2 Qg2+ 55.
Kc3 $18) 1-0